000 00826cam a22002651a 4500
999 _c9293
_d9293
001 9293
003 BD-JhCC
005 20180312174838.0
008 730405m19439999enk 000 0 eng c
035 _a(BD-JhCC)9293
040 _aHarvard Univ. Library
_cODaU
_dMoSU-L
_dDLC
_dBD-JhCC
041 _aeng
050 0 0 _aJC423
_b.L56
082 _a321.8
_bLIN 1943
100 1 _aLindsay, A. D.
_q(Alexander Dunlop),
_d1879-1952
245 1 4 _aThe modern democratic state /
_cby A.D. Lindsay.
260 _aLondon ;
_aNew York :
_bOxford University Press,
_c1943-
300 _av. ;
_c19 cm.
500 _a"Issued under the auspices of the Royal Institute of International Affairs."
650 0 _aDemocracy.
650 0 _aState, The.
710 2 _aRoyal Institute of International Affairs.
942 _2ddc
_cBK